000 00526nam a2200181 i 4500
001 49719
003 ES-MaACL
005 20230906162042.0
007 t|
008 030722s1966 xxu ||||1| eng d
100 1 _aCourant, Richard.
_941258
245 1 0 _aMethods of mathematical physies /
_cby Richard Courant and D. Hilbert.
250 _a3ยช reimp.
260 _aNew York :
_bJohn Wiley and Sons,
_c[1966]
300 _a2 v. :
_bil. ;
_c24 cm.
700 1 _aHilbert, D.
_963675
852 _aES-MaACL
_jC-34038-9
_bR.64742
999 _c49719
_d49719